Statistieken voor Algerije Trivia Quiz

Klik hier om de quiz te nemen!

Algemene statistieken

  • Deze quiz is 337 keer genomen
  • De gemiddelde score is 15 van 20

Antwoordstatistieken

HintAntwoord% Correct
Aangrenzende landenMarokko
97%
Europees land waarvan Algerije onafhankelijk werd in 1962Frankrijk
95%
Aangrenzende landenTunesië
95%
Aangrenzende landenLibië
94%
HoofstadAlgiers
93%
Algerije is het grootste land in Afrika.
Wat is het op één na grootste land?
Democratische Republiek Congo
93%
Woestijn die het merendeel van het land bedektSahara
93%
Aangrenzende landenMauritanië
91%
Officiële talenArabisch
90%
Aangrenzende landenMali
90%
Aangrenzende landenNiger
89%
Afgerond naar hele getallen, hoeveel % van de Algerijnen is moslim?99%
79%
Gebergte in het noorden van Algerije{Atlas}gebergte
77%
Officiële talenBerbers
62%
Belangrijkste exportproductOlie
60%
Regio van Noord-Afrika waar Algerije deel van uitmaaktMaghreb
51%
ValutaDinar
49%
Reeks oorlogen die eindigde met de
verwoesting van Carthago
Punische oorlogen
43%
Op één na grootste stadOran
38%
Tweeletterige landcodeDZ
33%

Scoreverdeling

Percentiel versus Aantal Correcte Antwoorden

Procent van Mensen met Elke Score

Uw Scoregeschiedenis

U heeft deze quiz nog niet genomen